2020年に新設/改称/廃止された駅 - Statistics

General Stats
  • This quiz has been taken 26 times
  • The average score is 15 of 45
Answer Stats
事業者 駅名 種類 % Correct
JR東日本 高輪ゲートウェイ 新設
100%
仲木戸→京急東神奈川 改称
71%
羽田空港第1ビル→羽田空港第1ターミナル 改称
67%
羽田空港国際線ターミナル→羽田空港第3ターミナル 改称
67%
羽田空港国内線ターミナル→羽田空港第1・第2ターミナル 改称
63%
池の浦シーサイド 廃止
58%
花月園前→花月総持寺 改称
58%
東京モノレール 羽田空港第2ビル→羽田空港第2ターミナル 改称
58%
羽田空港国際線ビル→羽田空港第3ターミナル 改称
58%
JR東海 御厨 新設
54%
京浜急行電鉄 産業道路→大師橋 改称
54%
新逗子→逗子・葉山 改称
54%
東京メトロ 虎ノ門ヒルズ 新設
54%
新十津川 廃止
50%
石狩月形 廃止
46%
東武鉄道 みなみ寄居 新設
42%
JR四国 南伊予 新設
38%
浦臼 廃止
38%
京福電気鉄道 等持院→等持院・立命館大学衣笠キャンパス前 改称
33%
JR北海道 石狩金沢 廃止
33%
五和→合格 改称
29%
本中小屋 廃止
25%
中小屋 廃止
25%
高松琴平電気鉄道 伏石 新設
25%
秋田内陸縦貫鉄道 小ヶ田→縄文小ヶ田 改称
21%
知来乙 廃止
21%
南下徳富 廃止
21%
下徳富 廃止
21%
大井川鐵道 門出 新設
21%
佐貫→龍ケ崎市 改称
17%
JR貨物 松山貨物駅 新設
17%
松山(貨物駅) 廃止
17%
豊ヶ岡 廃止
17%
晩生内 廃止
17%
三陸鉄道 新田老 新設
17%
富山地方鉄道 蓮町→蓮町(馬場記念公園前) 改称
13%
月ヶ岡 廃止
13%
札比内 廃止
13%
鶴沼 廃止
13%
於札内 廃止
13%
JR北海道 古瀬 廃止
8%
南弟子屈 廃止
8%
大広田→萩浦小学校前 改称
8%
大学前→富山大学前 改称
8%
札的 廃止
8%
No matching quizzes found
Score Distribution
Percent of People with Each Score
Percentile by Number Answered
Your Score History
You have not taken this quiz